000
00282nam a22001337a 4500
008
210303b ||||| |||| 00| 0 eng d
020
_a
9780321598462
041
_a
eng
080
_2
9th
_a
573
100
_a
11
101
_a
BIO
245
_a
Biology
_c
Audesirk,T
942
_2
udc
_c
BK
999
_c
55671
_d
55671